South Central China - Biggest Cities - Statistics

General Stats
  • This quiz has been taken 52 times
  • The average score is 15 of 54
Answer Stats
Province City % Correct
Guangdong Guangzhou
100%
Hubei Wuhan
91%
Guangdong Shenzhen
87%
Henan Zhengzhou
70%
Guangxi Nanning
65%
Guangdong Shantou
65%
Hunan Changsha
61%
Guangdong Dongguan
61%
Guangdong Foshan
61%
Hainan Haikou
61%
Guangxi Guilin
52%
Guangdong Zhuhai
48%
Guangxi Liuzhou
43%
Guangdong Huizhou
35%
Henan Luoyang
35%
Guangdong Zhongshan
35%
Guangxi Beihai
30%
Guangdong Jiangmen
30%
Henan Kaifeng
30%
Guangdong Maoming
30%
Henan Nanyang
30%
Guangdong Zhaoqing
30%
Henan Anyang
26%
Guangdong Chaozhou
26%
Hubei Yichang
26%
Guangdong Zhanjiang
26%
Hunan Hengyang
22%
Hubei Xiangyang
22%
Henan Xinxiang
22%
Hunan Yueyang
22%
Hunan Zhuzhou
22%
Hunan Changde
17%
Henan Pingdingshan
17%
Hubei Ezhou
13%
Henan Jiaozuo
13%
Hubei Jingzhou
13%
Henan Puyang
13%
Henan Xinyang
13%
Henan Zhoukou
13%
Guangxi Guigang
9%
Hubei Huangshi
9%
Hunan Shaoyang
9%
Hunan Xiangtan
9%
Guangdong Yangjiang
9%
Guangxi Hezhou
4%
Henan Xuchang
4%
Guangxi Yulin
4%
Henan Dengzhou
0%
Guangdong Huazhou
0%
Guangdong Wuchuan
0%
Henan Xiangcheng
0%
Henan Yuzhou
0%
Hubei Zaoyang
0%
Guangdong Zhangzhou
0%
No matching quizzes found
Score Distribution
Percent of People with Each Score
Percentile by Number Answered
Your Score History
You have not taken this quiz